书目信息 |
| 题名: |
高低杠的教学与训练
|
|
| 作者: | 何芝良 编著 | |
| 分册: | ||
| 出版信息: | 北京 人民体育出版社 1976 |
|
| 页数: | 126页 | |
| 开本: | 19cm | |
| 丛书名: | ||
| 单 册: | ||
| 中图分类: | G832.5 | |
| 科图分类: | ||
| 主题词: | 体操 , 高低杠项目-体育教学 , 高低杠项目-运动训练 | |
| 电子资源: | ||
| ISBN: | ||
| 000 | 00700nam0 2200253 45 | |
| 001 | 0176002544 | |
| 005 | 20060911153807.31 | |
| 010 | @dCNY0.34 | |
| 091 | @a7015.1569 | |
| 100 | @a19950928d1976 em y0chiy0121 ea | |
| 101 | 0 | @achi |
| 102 | @aCN@b110000 | |
| 105 | @af z 000yy | |
| 200 | 10 | @a高低杠的教学与训练@Agao di gang de jiao xue yu xun lian@f何芝良编著 |
| 210 | @a北京@c人民体育出版社@d1976 | |
| 215 | @a126页@c图@d19cm | |
| 606 | 0 | @a体操 |
| 606 | @a高低杠项目-体育教学 | |
| 606 | @a高低杠项目-运动训练 | |
| 690 | @aG832.5 | |
| 701 | 0 | @a何芝良@Ahe zhi liang@4编著 |
| 801 | 2 | @aCN@bNLC@c20060911 |
| 801 | 0 | @aCN@b广东省中山图书馆@c20060820 |
| 905 | @f2@b178140-141@dG832.5@e14 | |
| 高低杠的教学与训练/何芝良编著.-北京:人民体育出版社,1976 |
| 126页:图;19cm |
| ISBN :CNY0.34 |
| ● |
| 相关链接 |
|
|
|
|
正题名:高低杠的教学与训练
索取号:G832.5/14
 
预约/预借
| 序号 | 登录号 | 条形码 | 馆藏地/架位号 | 状态 | 备注 |
| 1 | 0178140 | 000994749 | 密集书库/ [索取号:G832.5/14] | 在馆 | |
| 2 | 0178141 | 000994758 | 密集书库/ [索取号:G832.5/14] | 在馆 | |
| 3 | 0178142 | 000994767 | 第一样本阅览室/ [索取号:G832.5/14] | 在馆 | |
| 4 | 0448304 | 204483040 | 密集书库/ [索取号:G832.5/14] | 在馆 | |
| 5 | 0459251 | 204592510 | 密集书库/ [索取号:G832.5/14] | 在馆 | |
| 6 | 0459337 | 204593378 | 密集书库/ [索取号:G832.5/14] | 在馆 | |
| 7 | 0465348 | 204653482 | 密集书库/ [索取号:G832.5/14] | 在馆 | |
| 8 | 0470842 | 204708423 | 密集书库/ [索取号:G832.5/14] | 在馆 | |
| 9 | 0472023 | 204720230 | 密集书库/ [索取号:G832.5/14] | 在馆 |